Tvorba krajiny

Enregistré dans:
Détails bibliographiques
Auteur principal: Horký, Jaroslav (Auteur)
Format: Livre
Publié: Praha : České vysoké učení technické v Praze, 1980
Sujets:
Tags: Ajouter un tag
Pas de tags, Soyez le premier à ajouter un tag!

MARC

LEADER 00000nam a22000003a 4500
001 stu118338
005 20150617225913.6
008 060522s1980----------------------------d
040 |a STU  |b slo 
041 0
100 1 |a Horký, Jaroslav  |4 aut 
245 1 |a Tvorba krajiny 
260 |a Praha :  |b České vysoké učení technické v Praze,  |c 1980 
300 |a 212 s 
650 7 |a urbanizmus  |2 stusub 
650 7 |a priestorové plánovanie  |2 stusub 
996 |b 284AS02116  |c A*3930 S  |l AAKNAR  |s A  |a 24  |w stu118338_0001 
996 |b 284AS02117  |c A*3931 S  |l AAKNAR  |s A  |a 24  |w stu118338_0002